Language, Life, Limits : 10th Conference on Computability in Europe, CiE 2014, Budapest, Hungary, June 23-27, 2014 : Proceedings /

Selección de ponencias de la décima Conferencia sobre Computabilidad en Europa, celebrada en Budapest, Hungría, en junio de 2014. Los artículos dan cuenta de las siguientes líneas temáticas: lingüística computacional, computación bioinspirada, historia y filosofía de la computación, teoría de la com...

Celý popis

Uloženo v:
Podrobná bibliografie
Korporativní autor: Conference on Computability in Europe ( Budapest, Hungría)
Další autoři: Arnold Beckmann, Arnold (edición) (edición), Csuhaj-Varjú, Erzsébet (edición) (edición), Meer, Klaus (edición) (edición)
Médium: Konferenční příspěvek Kniha
Jazyk:angličtina
Vydáno: Cham, Suiza : Springer, 2014, c2014
Edice:(Lecture Notes in Computer Science ; 8493)
Témata:
On-line přístup:Ver documento en línea
Tagy: Přidat tag
Žádné tagy, Buďte první, kdo vytvoří štítek k tomuto záznamu!

MARC

LEADER 00000nam^a2200000^a^4500
001 000561042
005 20251023000000.0
009 20260310131916.057
020 |a 978-3-319-08019-2 
037 |a Acervo ITESO - Biblioteca 
041 |a ING 
082 |a Libro en línea 
111 |a Conference on Computability in Europe (  |n 10a :  |d 2014 :  |c Budapest, Hungría) 
245 1 0 |a Language, Life, Limits :  |b 10th Conference on Computability in Europe, CiE 2014, Budapest, Hungary, June 23-27, 2014 : Proceedings /  |c Ed. de A. Beckmann, E. Csuhaj-Varjú, K. Meer. 
264 4 |a Cham, Suiza :  |b Springer,  |c 2014, c2014 
264 2 |a Cham, Suiza :  |b Springer Link [distribución],  |c 2014 
300 |a 1 libro electrónico en línea (XIV, 410 p.) 
300 |a 1 recurso en línea 
336 |a datos para computadora  |b cod  |2 rdacontenido 
337 |a computadora  |b c  |2 rdamedio 
338 |a recurso en línea  |b cr  |2 rdasoporte 
440 1 |a (Lecture Notes in Computer Science ;  |v 8493) 
506 0 |a Licencias ilimitadas 
520 |a Selección de ponencias de la décima Conferencia sobre Computabilidad en Europa, celebrada en Budapest, Hungría, en junio de 2014. Los artículos dan cuenta de las siguientes líneas temáticas: lingüística computacional, computación bioinspirada, historia y filosofía de la computación, teoría de la computabilidad, algoritmos en línea y complejidad en la teoría de los autómatas. 
649 |a XX 
650 |a Gramática Categorial 
650 |a Lenguajes Naturales de Programación 
650 |a Lenguajes de Programación 
650 |a Algoritmos Computacionales 
650 |a Algoritmos Genéticos 
650 |a Cómputo Evolutivo 
650 |a Algoritmos Genéticos 
650 |a Inteligencia Artificial 
650 |a Codificación -  |x Teoría 
650 |a Complejidad Computacional 
650 |a Informática -  |x Teoría -  |x Congresos -  |x Tema Principal 
650 |a Autómatas Matemáticos -  |x Teoría 
650 |a Lógica Matemática 
650 |a Modelos Matemáticos 
650 |a Ingeniería Computacional 
650 |a Matemáticas 
700 |a Arnold Beckmann, Arnold  |e (edición) 
700 |a Csuhaj-Varjú, Erzsébet  |e (edición) 
700 |a Meer, Klaus  |e (edición) 
856 4 0 |u https://link-springer-com.ezproxy.iteso.mx/10.1007/978-3-319-08019-2  |y Ver documento en línea 
910 |a Fondo General 
920 |a Electrónicos - Libros en Línea 
930 |a Plataforma Digital 
905 |a 205 
901 |a 561042-1  |b IT2  |c EBO  |i C  |u 20250521 
902 |a https://opac.biblio.iteso.mx/vufind/Record/000561042